| 000 | 00955cam a22002895a 4500 | ||
|---|---|---|---|
| 001 | 016583243 | ||
| 003 | OSt | ||
| 005 | 20151026105758.0 | ||
| 008 | 131022t2014 enka fr 0|1 0 eng d | ||
| 020 | _a9781292040813 (v. 1 : paperback.) | ||
| 020 | _a1292040815 (v. 1 : paperback) | ||
| 040 |
_aUK-WkNB _beng _cUK-WkNB _dUk _dEG-ScBUE |
||
| 082 | 0 | 4 |
_a004.6 _222 _bCOM |
| 100 | 1 |
_aComer, Douglas. _93817 |
|
| 245 | 1 | 0 |
_aInternetworking with TCP/IP. _n1 / _cDouglas E. Comer. |
| 250 | _a6th ed., Pearson new international ed. | ||
| 260 |
_aHarlow : _bPearson Education Limited, _cc.2014. |
||
| 300 |
_av. 1. (625 p.) : _bill. ; _c28 cm. |
||
| 490 | 0 | _aPearson custom library | |
| 500 | _aIndex : p. 622-625. | ||
| 650 | 0 |
_aTCP/IP (Computer network protocol) _2BUEsh |
|
| 650 | 0 |
_aClient/server computing. _2BUEsh |
|
| 650 | 0 |
_aInternetworking (Telecommunication) _2BUEsh |
|
| 651 | _2BUEsh | ||
| 653 |
_bCOMSCI _cJune2015 _cOctober2015 |
||
| 942 | _2ddc | ||
| 999 |
_c19951 _d19923 |
||